000 00442nam a2200205Ia 4500
001 11599
003 GE_BSU
008 181216s||||||||xx |||||||||||||| ||und||
020 _a9780755343867
040 _cGE_BSU
080 _a821.111-31
100 _aO'Flanagan,Sheila.
245 _aAll for you.
260 _aLondon
260 _bHeadline review.
260 _c2011.
300 _a502p;23cm.
653 _aAll for you.
942 _cBK
999 _c44794
_d44794